Antropologie a Melanésie : z doby kamenné do kyberprostoru /

Hlavní autor: Soukup, Martin, 1977-
Korporativní autor: Univerzita Karlova
Jazyk: Čeština
Vydáno: V Praze : Karolinum, 2013
Vydání: Vyd. 1.
Témata:
Fyzický popis: 630 s., [32] s. obr. příl. : il. (některé barev.), mapy, portréty ; 25 cm
Language note: Anglické resumé
Knihy
Uloženo v:
LEADER 02663nam a2200625 a 4500
001 nkc20142562369
003 CZ PrNK
005 20260226114153.0
007 ta
008 140128s2013 xr abcfff 001 0 cze
015 |a cnb002562369 
020 |a 978-80-246-2461-7  |q (váz.) 
035 |a (OCoLC)879564448 
040 |a ABA001  |b cze 
041 0 |a cze  |b eng 
043 |a pome---  |a a-nw--- 
072 7 |a 39  |x Kulturní antropologie. Etnologie. Etnografie  |2 Konspekt  |9 1 
080 |a 39  |2 MRF 
080 |a 316:39  |2 MRF 
080 |a 572:001.891  |2 MRF 
080 |a 572(091)  |2 MRF 
080 |a (292.95)  |2 MRF 
080 |a (932/935)  |2 MRF 
080 |a (048.8)  |2 MRF 
100 1 |a Soukup, Martin,  |d 1977-  |7 mzk2005312982  |4 aut 
245 1 0 |a Antropologie a Melanésie :  |b z doby kamenné do kyberprostoru /  |c Martin Soukup 
246 3 0 |a Z doby kamenné do kyberprostoru 
250 |a Vyd. 1. 
260 |a V Praze :  |b Karolinum,  |c 2013 
300 |a 630 s., [32] s. obr. příl. :  |b il. (některé barev.), mapy, portréty ;  |c 25 cm 
504 |a Obsahuje bibliografii, bibliografické odkazy a rejstříky 
546 |a Anglické resumé 
550 |a Vydavatel: Univerzita Karlova v Praze 
650 0 7 |a kulturní antropologie  |7 ph122018  |z Melanésie (souostroví)  |2 czenas 
650 0 7 |a sociální antropologie  |7 ph125775  |z Melanésie (souostroví)  |2 czenas 
650 0 7 |a antropologický výzkum  |7 ph118530  |z Melanésie (souostroví)  |2 czenas 
650 0 7 |a antropologický výzkum  |7 ph118530  |z Nová Guinea (ostrov)  |2 czenas 
650 0 7 |a dějiny antropologie  |7 ph484353  |z Melanésie (souostroví)  |2 czenas 
650 0 7 |a dějiny antropologie  |7 ph484353  |z Nová Guinea (ostrov)  |2 czenas 
650 0 9 |a cultural anthropology  |z Melanesia Archipelago  |2 eczenas 
650 0 9 |a social anthropology  |z Melanesia Archipelago  |2 eczenas 
650 0 9 |a anthropological research  |z Melanesia Archipelago  |2 eczenas 
650 0 9 |a anthropological research  |z New Guinea Island  |2 eczenas 
650 0 9 |a history of anthropology  |z Melanesia Archipelago  |2 eczenas 
650 0 9 |a history of anthropology  |z New Guinea Island  |2 eczenas 
655 7 |a monografie  |7 fd132842  |2 czenas 
655 9 |a monographs  |2 eczenas 
710 2 |a Univerzita Karlova  |7 kn20010710036 
910 2 |a BOA001  |b 2-1328.092 
990 |a BK 
995 |a 01 
991 |b 201406  |c NOV  |e n 
996 6 |b 2610593221  |c 2-1328.092  |l MZK  |r Sklad / do 1 hodiny  |n 2  |p p.v.  |w 001426216  |u 000010  |a 1  |e BOA001  |j MZK50  |s P 
996 6 |b 2610593872  |c 2-1328.092  |l MZK  |r STM 6p  |n 0  |p kup  |h 572 SOU  |w 001426216  |u 000020  |a 0  |e BOA001  |j MZK50  |s P 
996 7 |b 2610593873  |c 2-1328.092  |l Vol.výběr  |r VV 0p  |n 18  |p kup  |h 572 SOU  |w 001426216  |u 000030  |a 0  |e BOA001  |j MZK50  |s A